| 000 | 01022nam2a22002411 4500 | ||
|---|---|---|---|
| 001 | rc\30603 | ||
| 005 | 20250620195717.0 | ||
| 010 |
_a5-7506-0060-2 _9400000 |
||
| 035 | _a(NLR Aleph) 005398212 | ||
| 090 |
_a7248710 _c7248710 |
||
| 100 | _a20021216d1996 |||y0rusy50 ca | ||
| 101 | 0 | _arus | |
| 102 | _aRU | ||
| 105 | _aa ||||||||| | ||
| 200 | 0 |
_aВып. 1.3 _f[Волкова Т.О.] |
|
| 210 |
_d1996 _aБ. м. |
||
| 215 |
_a28 с. _cил., цв. ил. |
||
| 461 | 0 |
_1001rc\30600 _12001#$aИНФОРМАТИКА в играх и задачах$eДля детей 6-7 лет$fМоск. междунар. ун-т бизнеса и информ. технологий$vВып. 1.3 _97248685 _cМ. _d1996 _fМоск. междунар. ун-т бизнеса и информ. технологий _nЭкспресс _oДля детей 6-7 лет _tИНФОРМАТИКА в играх и задачах _vВып. 1.3 |
|
| 801 | 0 |
_aRU _bNLR _gpsbo |
|
| 801 | 1 |
_aRU _bELAR _2rusmarc |
|
| 852 |
_aNLR _j96-8/1506 |
||
| 942 | _cBOOK | ||
| 980 | _aNB | ||